[Grzegorz Lisek:Sprachgesetze - ihre Begründungen und ihre Effektivität]

Titel: [Grzegorz Lisek:Sprachgesetze - ihre Begründungen und ihre Effektivität] / Mark Brüggemann
Verfasser:
In: Zeitschrift für Slawistik, Band 60, Heft 4 (2015), Seite 669-672
alle Artikel anzeigen
Veröffentlicht: 2015
Format: Aufsatz
Sprache: Deutsch
Schlagworte:
Kein Bild verfügbar
X
alg: 42656111
001A    $03025:20-02-18 
001B    $01999:27-07-21 $t17:20:05.000 
001C    $03025:20-02-18 $t16:00:11.000 
001D    $03025:20-02-18 
001U    $0utf8 
001X    $00 
002@    $0Oou 
002C    $aText $btxt $2rdacontent 
002D    $aComputermedien $bc $2rdamedia 
002E    $aOnline-Ressource $bcr $2rdacarrier 
003@    $0426561112 
004P    $010.1515/slaw-2015-0043 
007A    $0426561112 $aHEB 
010@    $ager 
010E    $erda 
011@    $a2015 
013D    $#Newspapers Sections, columns, etc. Reviews $#Book reviewing $#Journaux Cahiers, chroniques, etc. Comptes rendus $#Livres Recension $#Rezension $#Buchbesprechung $#Buchrezension $#Buchkritik $74049712-4 $8Rezension [Ts1] $9085138568 
021A    $a[Grzegorz Lisek:Sprachgesetze - ihre Begründungen und ihre Effektivität] $hMark Brüggemann 
028A    $BVerfasser $4aut $713670140X $8Brüggemann, Mark$Z1975- [Tp3] $9207035318 
031A    $d60 $e4 $h669-672 $j2015 
039B    $aEnthalten in $8--Obvc--. Zeitschrift für Slawistik. - Berlin : De Gruyter, 1956-. - Online-Ressource. - ISSN 2196-7016 $x201500000600004331 $9201613530 
039T    $8--Aau--Lisek, Grzegorz [Tp3]. Ein @polnisch-deutscher Vergleich der Sprachpolitik. - Jena : Leander Wiss., 2014. - 328 S.. - graph. Darst.. - ISBN 978-3-9815368-6-7 $9339589167 
045F    $a900.9438 $eDDC23BSB 
045F/01 $a900 
045F/03 $g438 
045T    $a7,41 
045T    $aSLAW $qDE-1a $2FID 

lok: 42656111 78

exp: 42656111 78 1 #EPN
201B/01 $020-02-18 $t16:00:11.000 
201C/01 $020-02-18 
201U/01 $0utf8 
203@/01 $01018353232 
208@/01 $a20-02-18 $be 
209A/01 $a/ $f000 $x00 
209A/01 $ab*p $x01 
220C/01 $apgar 
244Z/01 $#Generalgouvernement Polen $#Polska $#Rzeczpospolita Polska $#Polska Rzeczpospolita Ludowa $#Poland $#Pologne $#République Polonaise $#Generalne Gubernatorstwo w Polsce $#Polish People's Republic $#Polska Rzeczpospolita Polen $#PRL $#RP $#Polen Generalgouvernement $#Polska Generalgouvernement $#Besetzte Polnische Gebiete $#Besetztes Gebiet in Polen $#Okupowane Polskie Obszary $#Obszary Okupowane w Polsce $#Volksrepublik Polen $#Polska Rosyjska $#Republic Polen $#Respublika Pol'ša $#Pol'skaja Narodnaja Respublika $#République de Pologne $#Polen Links der Weichsel $#Polska po Lewej Stronie Wisły $#Lenkija $#Polija $#Gubernija Carstva Pol'skago $#Republik Polen $74046496-9 $8--Tg1--Polen $x01 $9085129801 
247C/01 $82080>Marburg/Lahn, Herder-Institut, Forschungsbibliothek, Bibliographieportal $9336309341
LEADER 00000caa a2200000 c 4500
001 426561112
003 DE-603
005 20210727172005.0
007 cr||||||||||||
008 180220s2015 xx |||| o| u00||u|ger c
024 7 |a 10.1515/slaw-2015-0043  |2 doi 
035 |a (DE-599)HEB426561112 
040 |a DE-603  |b ger  |c DE-603  |d DE-603  |e rda 
041 |a ger 
082 0 4 |8 1\u  |a 900.9438  |q DE-101  |2 23/BSB 
084 |a 7,41  |2 ssgn 
084 |a SLAW  |q DE-1a  |2 fid 
085 |8 1\u  |b 900 
085 |8 1\u  |z 2  |s 438 
100 1 |a Brüggemann, Mark  |d 1975-  |e Verfasser  |4 aut  |0 (DE-603)207035318  |0 (DE-588)13670140X  |2 gnd 
245 0 0 |a [Grzegorz Lisek:Sprachgesetze - ihre Begründungen und ihre Effektivität]  |c Mark Brüggemann 
264 0 |c 2015 
336 |a Text  |b txt  |2 rdacontent 
337 |a Computermedien  |b c  |2 rdamedia 
338 |a Online-Ressource  |b cr  |2 rdacarrier 
655 7 |a Rezension  |2 gnd-content  |0 (DE-588)4049712-4  |0 (DE-603)085138568 
773 0 8 |i Enthalten in  |t Zeitschrift für Slawistik  |d Berlin : De Gruyter, 1956-  |h Online-Ressource  |x 2196-7016  |g Band 60, Heft 4 (2015), Seite 669-672  |w (DE-603)201613530  |w (DE-600)2434774-7 
787 0 8 |i Rezension von  |a Lisek, Grzegorz  |t ˜Einœ polnisch-deutscher Vergleich der Sprachpolitik  |d Jena : Leander Wiss., 2014  |h 328 S., graph. Darst.  |z 9783981536867  |w (DE-603)339589167 
924 1 |9 2080  |a (DE-603)1018353232  |b DE-2080  |c HES  |d d  |g /